Info Tumbuhan Tidak Berbunga / (Record no. 180874)

MARC details
000 -LEADER
fixed length control field 00857nam a22002777ia4500
005 - DATE AND TIME OF LATEST TRANSACTION
control field 20210105114322.0
008 - FIXED-LENGTH DATA ELEMENTS--GENERAL INFORMATION
fixed length control field 210105s2020 my o|||j |||| 00| 0 may d
020 ## - INTERNATIONAL STANDARD BOOK NUMBER
International Standard Book Number 9789670696737
Terms of availability set
International Standard Book Number 9789670696744
Terms of availability paperback
Qualifying information RM38.50
040 ## - CATALOGING SOURCE
Original cataloging agency PPAK
Language of cataloging eng
Transcribing agency PPAK
Description conventions rda
082 04 - DEWEY DECIMAL CLASSIFICATION NUMBER
Edition number 23
Classification number 580
090 00 - LOCALLY ASSIGNED LC-TYPE CALL NUMBER (OCLC); LOCAL CALL NUMBER (RLIN)
Classification number (OCLC) (R) ; Classification number, CALL (RLIN) (NR) 580
Feature heading MOH
Feature heading K
100 0# - MAIN ENTRY--PERSONAL NAME
Personal name Mohd. Qayyum,
Relator term author.
245 10 - TITLE STATEMENT
Title Info Tumbuhan Tidak Berbunga /
Statement of responsibility, etc. Mohd. Qayyum
264 #1 - PRODUCTION, PUBLICATION, DISTRIBUTION, MANUFACTURE, AND COPYRIGHT NOTICE
Place of production, publication, distribution, manufacture Kuala Lumpur :
Name of producer, publisher, distributor, manufacturer PUSTAKA HAKIMIN,
Date of production, publication, distribution, manufacture, or copyright notice 2020
300 ## - PHYSICAL DESCRIPTION
Extent 64 pages :
Other physical details colour photographs ;
Dimensions 26 cm
336 ## - CONTENT TYPE
Source rdacontent
Content type term text
337 ## - MEDIA TYPE
Source rdamedia
Media type term unmediated
338 ## - CARRIER TYPE
Source rdacarrier
Carrier type term volume
490 1# - SERIES STATEMENT
Series statement SIRI KERJAYA DALAM BIDANG PERTANIAN
504 ## - BIBLIOGRAPHY, ETC. NOTE
Bibliography, etc. note Bibliography : page 64.
650 10 - SUBJECT ADDED ENTRY--TOPICAL TERM
Topical term or geographic name entry element Plants
Topical term or geographic name entry element Plants, Useful
830 #0 - SERIES ADDED ENTRY--UNIFORM TITLE
Uniform title Siri kerjaya dalam bidang pertanian
942 ## - ADDED ENTRY ELEMENTS (KOHA)
Source of classification or shelving scheme Dewey Decimal Classification
Koha item type Book
Holdings
Withdrawn Not for loan Current library Shelving location Date acquired Total Checkouts Full call number Barcode Date last seen Date last checked out Koha item type
    Perpustakaan Alor Setar Pinjaman Kanak-kanak 24/01/2021 1 K 580 MOH A01672240 06/05/2025 27/04/2025 Book
    Perpustakaan Awam Sungai Petani Pinjaman Kanak-kanak 24/01/2021   K 580 MOH A01672241 24/01/2021   Book
    Perpustakaan Baling Pinjaman Kanak-kanak 24/01/2021   K 580 MOH A01672243 24/01/2021   Book
    Perpustakaan Kulim Pinjaman Kanak-kanak 24/01/2021 1 K 580 MOH A01672242 26/10/2021 05/09/2021 Book